4 to 13 letters quiz # L - Statistics

General Stats
  • This quiz has been taken 36 times
  • The average score is 7 of 10
Answer Stats
Hint Answer # of Letters % Correct
South American capital city Lima 4
97%
Landlocked country bordering France Luxembourg 10
94%
Landlocked country between Austria and Switzerland Liechtenstein 13
85%
Capital city of Portugal Lisbon 6
85%
Country in the Baltic States Lithuania 9
85%
Enclaved country in Africa Lesotho 7
82%
Structure that crosses the River Thames (two words) London Bridge 12
70%
Largest island in the Philippines Luzon 5
45%
Capital city of Malawi Lilongwe 8
39%
German state bordering the Netherlands (two words) Lower Saxony 11
15%
No matching quizzes found
Score Distribution
Percent of People with Each Score
Percentile by Number Answered
Your Score History
You have not taken this quiz